The management of complex projects (Record no. 103764)

MARC details
000 -LEADER
fixed length control field 01002cam a22002535a 4500
001 - CONTROL NUMBER
control field L127370
008 - FIXED-LENGTH DATA ELEMENTS--GENERAL INFORMATION
fixed length control field 040914s2006 xxk f 000 0 eng u
020 ## - INTERNATIONAL STANDARD BOOK NUMBER
International Standard Book Number 1405124318
035 ## - SYSTEM CONTROL NUMBER
System control number (Sirsi) u127370
041 0# - LANGUAGE CODE
Language code of text/sound track or separate title eng
050 04 - LIBRARY OF CONGRESS CALL NUMBER
Classification number 658.404 $2 22
245 04 - TITLE STATEMENT
Title The management of complex projects
Remainder of title a relationship approach
260 ## - PUBLICATION, DISTRIBUTION, ETC.
Place of publication, distribution, etc. Oxford
Name of publisher, distributor, etc. Blackwell Publishing
Date of publication, distribution, etc. 2006
300 ## - PHYSICAL DESCRIPTION
Extent ix, 316p.
Dimensions 24cm.
350 ## - PRICE (NR) (BK AM CF MU VM SE) [OBSOLETE]
Price 29.99
505 2# - FORMATTED CONTENTS NOTE
Formatted contents note Introduction -- Mindsets, behaviour and competancies -- Relationships at the client-design-team-contractor interface -- Relationships across project clusters and supply chains -- Conclusion
520 ## - SUMMARY, ETC.
Summary, etc. Sets out methods for establishing and maintaining successful relationships between the client and members of the project team in the management of complex projects.
521 ## - TARGET AUDIENCE NOTE
Target audience note Advanced
651 #4 - SUBJECT ADDED ENTRY--GEOGRAPHIC NAME
Geographic name United Kingdom
Chronological subdivision
690 ## - LOCAL SUBJECT ADDED ENTRY--TOPICAL TERM (OCLC, RLIN)
Topical term or geographic name as entry element Project management
9 (RLIN) 6261
700 1# - ADDED ENTRY--PERSONAL NAME
Personal name Pryke, Stephen
Relator term Editor
700 1# - ADDED ENTRY--PERSONAL NAME
Personal name Smyth, Hedley
Relator term Editor
942 ## - ADDED ENTRY ELEMENTS (KOHA)
Suppress in OPAC 0
Holdings
Withdrawn status Lost status Source of classification or shelving scheme Damaged status Not for loan Home library Current library Shelving location Date acquired Cost, normal purchase price Total Checkouts Full call number Barcode Date last seen Date last checked out Copy number Cost, replacement price Price effective from Koha item type
    Dewey Decimal Classification     London London Books 04/04/2008 39.99 4 658.404 MAN 30072692 06/08/2019 23/06/2009 1 39.99 06/08/2019 Book